书目信息 |
| 题名: |
元素周期律
|
|
| 作者: | 田凤歧 编 | |
| 分册: | ||
| 出版信息: | 北京 北京出版社 1972.04 |
|
| 页数: | 36页 | |
| 开本: | 19cm | |
| 丛书名: | 自然科学小丛书 | |
| 单 册: | ||
| 中图分类: | O6-64 | |
| 科图分类: | ||
| 主题词: | 化学 | |
| 电子资源: | ||
| ISBN: | ||
| 000 | 00566nam0 2200217 45 | |
| 001 | 0310151539 | |
| 005 | 20060704165438.37 | |
| 010 | @dCNY0.18 | |
| 100 | @a20031015d1972 km y0chiy0120 ea | |
| 101 | 0 | @achi |
| 102 | @aCN@b110000 | |
| 200 | 1 | @a元素周期律@AYuan Su Zhou Qi Lu@f田凤歧编@Ftian feng qi bian |
| 210 | @a北京@c北京出版社@d1972.04 | |
| 215 | @a36页@d19cm | |
| 225 | @a自然科学小丛书 | |
| 410 | @12001 @a自然科学小丛书 | |
| 606 | 0 | @a化学 |
| 690 | @aO6-64@v3 | |
| 701 | 0 | @a田凤歧@Atian feng qi@4编 |
| 801 | @aCN@bTSTC@c20060704 | |
| 905 | @dO6-64@e302 | |
| 元素周期律/田凤歧编.-北京:北京出版社,1972.04 |
| 36页;19cm.-(自然科学小丛书) |
| ISBN :CNY0.18 |
| ● |
| 相关链接 |
|
|
|
|
正题名:元素周期律
索取号:O6-64/302
 
预约/预借
| 序号 | 登录号 | 条形码 | 馆藏地/架位号 | 状态 | 备注 |
| 1 | 0421637 | 204216375 | 密集书库/ [索取号:O6-64/302] | 在馆 |